Keyboard Boggle! - Statistics

General Stats
  • This quiz has been taken 268 times
    176 since last reset
  • The average score is 9 of 23
Answer Stats
Words % Correct
saw
81%
was
78%
red
70%
lop
61%
dew
59%
wed
59%
fed
53%
awe
51%
sew
49%
few
43%
drew
34%
grew
32%
oil
31%
sawed
25%
weds
24%
awes
23%
serf
22%
sax
21%
thy
21%
wax
17%
ilk
15%
deft
10%
yuk
9%
No matching quizzes found
Score Distribution
Percent of People with Each Score
Percentile by Number Answered
Your Score History
You have not taken this quiz since the last reset